Podróż po mapie - Statystyki

Ogólne statystyki
  • Ten quiz został rozwiązany 21 razy
  • Średni wynik to 12 z 19
Statystyki odpowiedzi
Kierunek Państwo % Poprawnych
Zachód Niemcy
100%
Południe Belgia
94%
Południe Francja
94%
Północny zachód Holandia
94%
Poludnie Hiszpania
88%
Południe Maroko
82%
Wschód Algieria
76%
Wschód Egipt
76%
Wschód Libia
71%
Południe Sudan
65%
Południe Sudan Południowy
59%
Południe Kenia
47%
Wschód Etiopia
41%
Zachód Uganda
35%
Zachód Dem. Rep. Konga
29%
Zachód Gabon
29%
Zachód Kongo
29%
Północny zachód Gwinea Równikowa
24%
Północ Kamerun
24%
Nie znaleziono quizów pasujących do podanych kryteriów
Rozkład punktacji
Procent ludzi z każdym wynikiem
Percentyl według liczby udzielonych odpowiedzi
Twoja historia wyników
Nie rozwiązałeś tego quizu